Normal view
MARC view
- SIGNAL PROCESSING -MATHEMATICS, RADAR- MATHEMATICS, FOURER TRANSFORMATIONS.RADAR AND SIGNAL PROCESSING
Entry Topical Term
001 - CONTROL NUMBER
- control field: 68350
003 - CONTROL NUMBER IDENTIFIER
- control field: NUST
005 - DATE AND TIME OF LATEST TRANSACTION
- control field: 20210628204030.0
008 - FIXED-LENGTH DATA ELEMENTS
- fixed length control field: 210628|| aca||aabn | a|a d
040 ## - CATALOGING SOURCE
- Original cataloging agency: NUST
- Transcribing agency: NUST
150 ## - HEADING--TOPICAL TERM
- Topical term or geographic name entry element: SIGNAL PROCESSING -MATHEMATICS, RADAR- MATHEMATICS, FOURER TRANSFORMATIONS.RADAR AND SIGNAL PROCESSING
670 ## - SOURCE DATA FOUND
- Source citation: Work cat.: (NUST): Brandwood, David 68349, Fpiroer transform in radar and signal processing, 2003
